| 000 | 00617nam a22002057a 4500 | ||
|---|---|---|---|
| 005 | 20250519135324.0 | ||
| 008 | 250519b |||||||| |||| 00| 0 eng d | ||
| 040 | _cDO | ||
| 245 | _aSecrets of the gene | ||
| 250 | _aOctober 1999 Vol. 196 No. 4 | ||
| 490 | _aNational Geographic | ||
| 520 | _aScience - Asking Infinite Questions, Unveiling the Universe, Secrets of the Gene, Valley of the Mummies, Cuba's Colonial Treasure, George Mallory, The Last Drive | ||
| 650 | _xUNIVERSE | ||
| 650 | _xGENE | ||
| 650 | _xMUMMIES | ||
| 650 | _xTREASURE | ||
| 650 | _xEVEREST | ||
| 650 | _xATLANTIC | ||
| 942 |
_2ddc _cCR |
||
| 999 |
_c5539 _d5539 |
||